[Event "Championnat de France - Accession"]
[Site "Belfort - SNPHHUATVS"]
[Date "2010.??.??"]
[Round "11.7"]
[White "Philippe, Christophe"]
[Black "Favarel, Julien"]
[Result "1/2-1/2"]
[WhiteElo "2431"]
[BlackElo "2279"]
[PlyCount "140"]
[EventDate "2010.??.??"]

1. d4 Nf6 2. Nf3 g6 3. Nc3 d5 4. Bf4 Bg7 5. e3 O-O 6. Be2 c5 7. Ne5 cxd4 8.
exd4 Nc6 9. Qd2 Qb6 10. O-O-O Be6 11. h4 Rac8 12. f3 Nh5 13. Nxc6 Rxc6 14. Na4
Qd8 15. Bb5 Rc8 16. Be5 Bxe5 17. dxe5 Ng3 18. Rhe1 a6 19. Bd3 b5 20. Nc3 d4 21.
Ne4 Nf5 22. Ng5 Ne3 23. Nxe6 fxe6 24. Rxe3 dxe3 25. Qxe3 Qe8 26. f4 Qc6 27. g3
Qc5 28. Qe2 Rfd8 29. h5 Kg7 30. hxg6 hxg6 31. Qe4 Rxd3 32. Qxd3 Qf2 33. c3 Rh8
34. Rf1 Qc5 35. Qd4 Qc6 36. Rd1 Kf7 37. Kb1 Rh2 38. Rd2 Rh1+ 39. Rd1 Rxd1+ 40.
Qxd1 Qe4+ 41. Ka1 Qe3 42. a4 Qxg3 43. Qd4 Qf3 44. Ka2 Qf1 45. Kb3 Qa1 46. axb5
axb5 47. Kc2 Qf1 48. b3 Qa1 49. Qd1 Qa2+ 50. Kd3 Qf2 51. Qd2 Qf1+ 52. Kc2 Qa1
53. Qd1 Qa2+ 54. Kd3 Qf2 55. Qc1 Qf3+ 56. Kc2 g5 57. fxg5 Qe4+ 58. Kb2 Qxe5 59.
Ka2 Kg6 60. c4 bxc4 61. bxc4 Qc5 62. Kb3 Qb6+ 63. Kc3 e5 64. Qc2+ Kxg5 65. Qg2+
Kf6 66. Qf3+ Ke6 67. Qd5+ Kf6 68. Qf3+ Ke6 69. Qd5+ Kf6 70. Qf3+ Ke6 1/2-1/2

[Event "Championnat de France - Accession"]
[Site "Belfort - SNPHHUATVS"]
[Date "2010.??.??"]
[Round "11.8"]
[White "Demuth, Adrien"]
[Black "Ribreau, Herve"]
[Result "1/2-1/2"]
[WhiteElo "2394"]
[BlackElo "2238"]
[PlyCount "67"]
[EventDate "2010.??.??"]

1. d4 Nf6 2. c4 c5 3. d5 b5 4. cxb5 a6 5. bxa6 g6 6. Nc3 Bxa6 7. g3 Bg7 8. Bg2
d6 9. Nf3 O-O 10. O-O Nbd7 11. Qc2 Qa5 12. Rd1 Rfb8 13. Rb1 Ng4 14. Bd2 Nge5
15. Nxe5 Nxe5 16. b3 Bc8 17. a4 Bf5 18. Be4 Bxe4 19. Nxe4 Qa6 20. Nc3 Qc8 21.
Kg2 Rb7 22. h3 Qf5 23. Qxf5 gxf5 24. f4 Nd7 25. Nb5 c4 26. bxc4 Rxa4 27. Rdc1
Nc5 28. Be3 Ne4 29. Nd4 Rxb1 30. Rxb1 Bxd4 31. Bxd4 f6 32. Rc1 Nd2 33. Bf2 Rxc4
34. Rxc4 1/2-1/2

[Event "Championnat de France - Accession"]
[Site "Belfort - SNPHHUATVS"]
[Date "2010.??.??"]
[Round "11.9"]
[White "Loiret, Stanislas"]
[Black "Saada, Julien"]
[Result "1/2-1/2"]
[WhiteElo "2270"]
[BlackElo "2304"]
[PlyCount "20"]
[EventDate "2010.??.??"]

1. Nf3 d5 2. c4 e6 3. d4 Nf6 4. Nc3 Nbd7 5. cxd5 exd5 6. Bf4 c6 7. Qc2 Be7 8.
h3 O-O 9. e3 Re8 10. Bd3 Nf8 1/2-1/2

[Event "Championnat de France - Accession"]
[Site "Belfort - SNPHHUATVS"]
[Date "2010.??.??"]
[Round "11.10"]
[White "Daurelle, Herve"]
[Black "Ollier, Pablo"]
[Result "1/2-1/2"]
[WhiteElo "2239"]
[BlackElo "2293"]
[PlyCount "45"]
[EventDate "2010.??.??"]

1. e4 e5 2. Nf3 Nc6 3. Bc4 Bc5 4. c3 Nf6 5. d4 exd4 6. cxd4 Bb4+ 7. Bd2 Bxd2+
8. Nbxd2 d5 9. exd5 Nxd5 10. O-O O-O 11. Rc1 h6 12. Re1 Nb6 13. Bb3 Bg4 14. h3
Bh5 15. Rc5 Bg6 16. Ne5 Nxe5 17. dxe5 c6 18. Nf3 Qxd1 19. Rxd1 Be4 20. e6 Bd5
21. exf7+ Bxf7 22. Bxf7+ Rxf7 23. Re5 1/2-1/2

[Event "Championnat de France - Accession"]
[Site "Belfort - SNPHHUATVS"]
[Date "2010.??.??"]
[Round "11.12"]
[White "Lamard, Guillaume"]
[Black "Buscara, Sevan"]
[Result "0-1"]
[WhiteElo "2143"]
[BlackElo "2259"]
[PlyCount "52"]
[EventDate "2010.??.??"]

1. d4 g6 2. e4 Bg7 3. c3 d6 4. f4 Nf6 5. Nf3 Nxe4 6. Bd3 Nf6 7. O-O e6 8. h3
O-O 9. g4 c5 10. f5 exf5 11. gxf5 Nc6 12. Bg5 Qb6 13. fxg6 fxg6 14. Nh4 cxd4
15. Nxg6 hxg6 16. Bxg6 dxc3+ 17. Kh1 Ne5 18. Bxf6 Qc6+ 19. Kh2 Rxf6 20. Rxf6
Bxf6 21. Qh5 cxb2 22. Qh7+ Kf8 23. Qh6+ Bg7 24. Qf4+ Kg8 25. Be4 Ng4+ 26. hxg4
Be5 0-1

[Event "Championnat de France - Accession"]
[Site "Belfort - SNPHHUATVS"]
[Date "2010.??.??"]
[Round "11.15"]
[White "Joie, Sebastien"]
[Black "Blum, Nicolas"]
[Result "1/2-1/2"]
[WhiteElo "2142"]
[BlackElo "2263"]
[PlyCount "36"]
[EventDate "2010.??.??"]

1. Nf3 Nf6 2. c4 b6 3. g3 c5 4. Bg2 Bb7 5. O-O g6 6. d4 cxd4 7. Qxd4 Bg7 8. Nc3
d6 9. Rd1 Nbd7 10. Be3 Rc8 11. Rac1 a6 12. Bh3 O-O 13. Qh4 Rc7 14. b3 Qb8 15.
g4 e6 16. g5 Ne8 17. Nd4 Ba8 18. Bg4 Nc5 1/2-1/2

[Event "Championnat de France - Accession"]
[Site "Belfort - SNPHHUATVS"]
[Date "2010.??.??"]
[Round "11.16"]
[White "Manoeuvre, Antoine"]
[Black "Fantinel, Thibault"]
[Result "1/2-1/2"]
[WhiteElo "2271"]
[BlackElo "2209"]
[PlyCount "29"]
[EventDate "2010.??.??"]

1. d4 Nf6 2. c4 e6 3. Nc3 Bb4 4. Qc2 Nc6 5. Nf3 d6 6. Bd2 O-O 7. a3 Bxc3 8.
Bxc3 Qe7 9. e3 a5 10. Be2 e5 11. dxe5 dxe5 12. O-O Bg4 13. h3 Bh5 14. Rfd1 Rfe8
15. Rd2 1/2-1/2

[Event "Championnat de France - Accession"]
[Site "Belfort - SNPHHUATVS"]
[Date "2010.??.??"]
[Round "11.17"]
[White "Nass, Emile"]
[Black "Le Ruyet, Leopold"]
[Result "1/2-1/2"]
[WhiteElo "2248"]
[BlackElo "2188"]
[PlyCount "36"]
[EventDate "2010.??.??"]

1. d4 Nf6 2. Nf3 e6 3. c4 c5 4. g3 cxd4 5. Nxd4 Nc6 6. Bg2 Qb6 7. Nxc6 dxc6 8.
Nc3 Be7 9. Qc2 O-O 10. O-O e5 11. Bg5 h6 12. Bxf6 Bxf6 13. Ne4 Be7 14. c5 Qc7
15. Rfd1 Be6 16. Rd2 Rad8 17. Rad1 Rxd2 18. Rxd2 Rd8 1/2-1/2

[Event "Championnat de France - Accession"]
[Site "Belfort - SNPHHUATVS"]
[Date "2010.??.??"]
[Round "11.18"]
[White "Netzer, Jacques"]
[Black "Valles, Manuel"]
[Result "1/2-1/2"]
[WhiteElo "2208"]
[BlackElo "2242"]
[PlyCount "43"]
[EventDate "2010.??.??"]

1. e4 c5 2. Nf3 Nc6 3. Bb5 e6 4. c3 Nge7 5. O-O a6 6. Ba4 d5 7. exd5 Qxd5 8. d4
b5 9. Bc2 cxd4 10. cxd4 Qd8 11. Nc3 Ra7 12. Qe2 Nb4 13. Bb3 Nbd5 14. Bg5 h6 15.
Bh4 g5 16. Bg3 Bg7 17. h4 f6 18. hxg5 hxg5 19. Ne4 Nf5 20. Rac1 Kf7 21. Rfe1
Rh6 22. Bh2 1/2-1/2

[Event "Championnat de France - Accession"]
[Site "Belfort - SNPHHUATVS"]
[Date "2010.??.??"]
[Round "11.19"]
[White "Brethes, Francois"]
[Black "Mania, Clement"]
[Result "0-1"]
[WhiteElo "2238"]
[BlackElo "2127"]
[PlyCount "42"]
[EventDate "2010.??.??"]

1. d4 f5 2. g3 Nf6 3. c3 d6 4. Bf4 h6 5. h4 g6 6. Nf3 Bg7 7. Bg2 Be6 8. Na3
Nbd7 9. c4 c6 10. Rb1 O-O 11. Qc1 Ng4 12. Nh2 Bxd4 13. Nxg4 fxg4 14. Nc2 Bg7
15. Bxh6 Qa5+ 16. Bd2 Qxa2 17. b3 a5 18. O-O Nc5 19. Bh6 Bxh6 20. Qxh6 Qxc2 21.
e4 Qc3 0-1

[Event "Championnat de France - Accession"]
[Site "Belfort - SNPHHUATVS"]
[Date "2010.??.??"]
[Round "11.20"]
[White "Billon, Olivier"]
[Black "Delorme, Laurie"]
[Result "1/2-1/2"]
[WhiteElo "2129"]
[BlackElo "2237"]
[PlyCount "89"]
[EventDate "2010.??.??"]

1. e4 e5 2. Nf3 Nc6 3. Bb5 a6 4. Ba4 Nf6 5. O-O Be7 6. Re1 b5 7. Bb3 O-O 8. c3
d6 9. h3 Na5 10. Bc2 c5 11. d4 Qc7 12. d5 Ne8 13. b3 Nb7 14. a4 Rb8 15. b4 Bd7
16. Na3 c4 17. axb5 axb5 18. Nb1 g6 19. Be3 Ng7 20. Nbd2 Ra8 21. Qb1 f5 22. Qb2
f4 23. Ba7 Rfc8 24. Ra6 Nd8 25. Rea1 Qb7 26. Qa3 Nf7 27. Ra2 Ne8 28. Qb2 Nf6
29. Qa1 Kg7 30. Rb6 Qc7 31. Rba6 Bd8 32. Bb6 Rxa6 33. Bxc7 Rxa2 34. Qxa2 Bxc7
35. Qa7 Kf8 36. h4 h6 37. Nh2 Ke7 38. Bd1 Kd8 39. Be2 Rb8 40. Kh1 Bc8 41. g4
Rb6 42. Qa2 Ra6 43. Qb2 Bb6 44. Kg2 g5 45. h5 1/2-1/2